Estadísticas para Geografía Física Sudamericana

Haz click aquí para intentar la prueba.

Estadísticas generales

  • Esta prueba ha sido intentada 871 veces
  • La puntuación promedio es 12 de 20

Estadísticas de respuestas

PistaRespuesta% Correcto
La cordillera más largaAndes
98%
Los ríos más largosAmazonas
97%
El archipiélago al extremo sur del continenteTierra del {Fuego}
91%
El mar al norte de Colombia y VenezuelaMar Caribe
88%
La cascada más caudalosa entre Argentina y BrasilCataratas de Iguazú
81%
El archipiélago 500 km al este de ArgentinaIslas Malvinas
81%
El archipiélago 900 km al oeste de EcuadorIslas Galápagos
79%
El desierto más secoAtacama
76%
La región que se componen el sur de Argentina y ChilePatagonia
76%
La cima más altaAconcagua
63%
La area de fértiles tierras bajas de Uruguay, Argentina, y el sur de BrasilLa pampa
60%
El estrecho que es el paso natural entre el Pacífico y AtlánticoEstrecho de Magallanes
56%
Las playas principales de Río de JaneiroCopacabana
55%
Las playas principales de Río de JaneiroIpanema
47%
Los ríos más largosParaná
44%
El punto más meridional de la respuesta anteriorCabo de Hornos
38%
La cascada más altaSalto Ángel
36%
El peñasco de Río muy parecido a una pastilla de gomaPan de Azúcar
22%
La gran cuasialbufera venezolanaLago de Maracaibo
21%
El tipo de meseta abrupta encontrada en VenezuelaTepuy
15%

Distribución de puntuación

Porcentaje por número respondido

Porcentaje de gente con cada puntuación

Historial de tus puntuaciones

No has intentado esta prueba.